00805nam a2200217 a 450000100100000000500170001000800410002704000250006808200150009310000220010824000490013024501110017926000300029030000200032049000460034050000280038670000380041471000380045271000510049083000460054100003714220200930080152.0120217s1972 mx 000 0 spa d aDO-SdBNPbspacBNPHU axxxxbE46c1 aElliott, Grace L.10aHow to help groups make decisionslEspañol10aCómo ayudar a los grupos a tomar decisiones. /cGrace L. Elliott ; traduccido René Cárdenas Barrios. aMéxico :bDiana,c1972. a79 p. ;c19 cm.1 aBiblioteca para el director de gruposv10 aTraduccido del inglés1 aCárdenas Barrios, René ,etr.2 aCentro Regional de Ayuda Ténica2 aAgencia para el Dasarrollo Internacional (AID) 0aBiblioteca para el director de gruposv10